000 00451nam a2200169Ia 4500
008 221030s9999 xx 000 0 und d
020 _a0070530785
041 _aEnglish
082 _a105.23
_bPat
100 _aY. N. Patt
245 0 _aIntroduction to Computing Systems: From Bits & Gates to C & beyond
_cby Y. N. Patt, S. J. Patel
260 _bTMH
_aNew Delhi
_c2003
300 _a526
650 _aComputers
700 _aS. J. Patel
942 _cBK
999 _c120
_d120